Cartoons from where? - Statistics

General Stats
  • This quiz has been taken 53 times
  • The average score is 12 of 20
Answer Stats
Cartoon Country % Correct
Watership Down UK
93%
Crayon Shin-chan Japan
91%
Once upon a time... Life France
84%
Sendokai Champions Spain
82%
Pleasant Goat and Big Big Wolf China
80%
Winx Club Italy
78%
Masha and the Bear Russia
78%
Pororo the Little Penguin Korea
76%
Nick Knatterton West Germany
76%
Wishfart Canada
67%
Peter-no-tail (or Pelle-no-tail) Sweden
60%
The Adventures of Tintin Belgium
58%
LEGO Elves Denmark
56%
Prisoner Zero Australia
51%
The Moomins Finland
51%
Super Drags Brazil
49%
Puffin Rock Ireland
42%
The Mole Czechoslovakia
20%
Ejen Ali (or Agent Ali) Malaysia
18%
Super Inggo and the Super Group Philippines
13%
No matching quizzes found
Score Distribution
Percent of People with Each Score
Percentile by Number Answered
Your Score History
You have not taken this quiz